00841nam a2200217 a 450000100060000000300080000600500170001400800410003103500190007204000350009104100080012608200300013410000170016424501180018126000400029930000310033950000180037050001700038865000320055870000330059047403BD-RjUL20211209054316.0190420s1963 pk a |s f000 0 eng  a(BD-RjUL)47522 aBD-RjULcBD-RjULdBD-RjULbeng aeng 223a304.6209549bAHS 19631 aAhmed, Nazir10aSimultaneous estimations of population growth : bThe Pakistan experiment /cby Nazir Ahmed and Karol J. Krotki aKarachi:bFeroasons Ltd.,c[1963 ?] a37-65 p. :bIll. ;c25 cm. a"Cover Title" a" Reprint from : The Pakistan Development Review : Quarterly journal of the Institute of Development Economics, Karachi (Pakistan). Volume III-Spring 1963-Number 1 " aPopulation GrowthxPakistan aKrotki, Karol J. , jt. auth.